banner koha

Guglielmo Marconi / (Registro n. 7528)

MARC details
000 -LÍDER
campo de controle de tamanho fixo 01867nam a2200229 a 4500
001 - NÚMERO DE CONTROLE
campo de controle BS0002469
003 - IDENTIFICADOR DO NÚMERO DE CONTROLE
campo de controle BR-BrBNA
005 - DATA E HORÁRIO DA ÚLTIMA TRANSAÇÃO
campo de controle 20230418192035.0
008 - CAMPO DE DADOS FIXOS--INFORMAÇÃO GERAL
campo de controle de tamanho fixo 230308b |||||||| |||| 00| 0 por d
040 ## - FONTE DA CATALOGAÇÃO
Instituição da catalogação original BR-BrBNA
Idioma da catalogação por
Instituição que transcreveu o registro Biblioteca Nacional de Agricultura
041 ## - CÓDIGO DE IDIOMA
Código do idioma do texto/trilha sonora ou título diferente por
072 ## - CÓDIGO DE CATEGORIA DE ASSUNTO
Código de Categoria de Assunto B60
090 ## - NÚMERO DE CHAMADA LOCAL
Número de chamada B60 BS0002469
100 1# - ENTRADA PRINCIPAL--NOME PESSOAL
Nome pessoal Birch, B.
245 1# - TÍTULO
Título Guglielmo Marconi /
260 3# - PUBLICAÇÃO, DISTRIBUIÇÃO, ETC.
Local de publicação, distribuição, etc. São Paulo, SP:
Nome do editor, distribuidor, etc. Globo,
Data da publicação, distribuição, etc. 1990.
300 ## - DESCRIÇÃO FÍSICA
Extensão 64 p.
520 3# - NOTA DE RESUMO, ETC
Resumo, etc. Aos 20 anos, o bolonhês Guglielmo Marconi sonhou que algum dia enviaria um sinal de um lado ao outro do mundo, através do ar, sem utilizar qualquer fio. Aos 23, ele já havia feito isso. Esse jovem, com uma educação científica não mais do que formal, e trabalhando na casa de campo do seu pai, acabou perturbando alguns dos mais avançados cérebros científicos de seu tempo. Era o ano de 1895 e o uso da eletricidade ainda era muito restrito (somente quinze anos mais tarde seria utilizada para iluminar residências). As mensagens já podiam ser enviadas rápida e claramente por telefone ou telégrafo. Mas esses meios de comunicação tinham um sério problema: exigiam a utilização de fios. O sonho de Marconi, de remeter mensagens sem eles, parecia ficção científica. Para dar esse passo adiante, Marconi trabalhou obstinadamente em seus experimentos. Começou por emitir e captar mensagens dentro do pequeno mundo da casa onde trabalhava, até cruzar os oceanos com seu telégrafo sem fio. Em 12 de outubro de 1931, ele pressionou em Roma o botão que acendeu as luzes inaugurais do Cristo do Corcovado, no Rio de Janeiro. Graças à sua determinação, hoje temos TV por satélite, emissoras de rádio, comunicações por laser e todas as maravilhas que reduziram o mundo a uma "aldeia global".
650 ## - ASSUNTO--TERMO TÓPICO
Cabeçalho tópico ou nome geográfico BIOGRAFIA
909 ## -
-- 202304
-- Sergio Santos
-- 56
-- Sergio Santos
942 ## - ELEMENTOS DE ENTRADA ADICIONADOS (KOHA)
Tipo de material Koha Livros
Exemplares
Situação do descarte Fonte da classificação ou esquema de arquivamento na estante Situação física Não pode ser emprestado Coleção Biblioteca de origem Biblioteca atual Total de empréstimos Número de telefone completo Código de barras Data de último acesso Número do exemplar Tipo de material Koha Situação das perdas Data de aquisição Fonte de aquisição Qualificador de local codificado Custo, preço normal de compra Número do inventário Custo, preço de reposição Preço efetivo de
  Classificação AGRIS     Acervo Cultural Espaço Ceres - QVT/MAPA Espaço Ceres - QVT/MAPA   B60 BS0002469 2023-436785 12/04/2023 01 Livros   2023-04-04 Doação B60        

BINAGRI

Telefone: (61)3218-2567/2388/3357/2097 - binagri@agro.gov.br

Ministério da Agricultura e Pecuária , Esplanada dos Ministérios, Bloco D, Anexo B, Brasília/DF, CEP: 70.043-900